<?xml version='1.0' encoding='UTF-8'?>
  <record xmlns="http://www.loc.gov/MARC21/slim">
    <leader>00000ctm a22000007i 4500</leader>
    <controlfield tag="001">on1007301740</controlfield>
    <controlfield tag="003">OCoLC</controlfield>
    <controlfield tag="005">20240202180208.2</controlfield>
    <controlfield tag="008">171024s1852    ne     f      001 0 dut d</controlfield>
    <datafield tag="040" ind1=" " ind2=" ">
      <subfield code="a">QGJ</subfield>
      <subfield code="b">eng</subfield>
      <subfield code="e">rda</subfield>
      <subfield code="c">QGJ</subfield>
      <subfield code="d">OCLCA</subfield>
      <subfield code="d">QGK</subfield>
      <subfield code="d">OCLCQ</subfield>
      <subfield code="d">OCLCO</subfield>
      <subfield code="d">OCLCL</subfield>
    </datafield>
    <datafield tag="035" ind1=" " ind2=" ">
      <subfield code="a">(OCoLC)1007301740</subfield>
    </datafield>
    <datafield tag="100" ind1="1" ind2=" ">
      <subfield code="a">Schubärt, Toers Diesbergen,</subfield>
      <subfield code="d">1805-1853,</subfield>
      <subfield code="e">anatomist.</subfield>
    </datafield>
    <datafield tag="245" ind1="1" ind2="0">
      <subfield code="a">Catalogus van het anatomisch Museum van Vergelijkende Ontleedkunde der Hoogeschool te Utrecht in 1852 /</subfield>
      <subfield code="c">Op last van Curatoren opgemaakt door T.D. Toers Diesbergen Schubart, prosector bij evengemelde Hoogeschool,</subfield>
      <subfield code="f">U-MUS A 40.116.</subfield>
    </datafield>
    <datafield tag="246" ind1="3" ind2=" ">
      <subfield code="a">Schubaertcatalogus</subfield>
    </datafield>
    <datafield tag="246" ind1="3" ind2=" ">
      <subfield code="a">Schubärtcatalogus</subfield>
    </datafield>
    <datafield tag="264" ind1=" " ind2="0">
      <subfield code="a">[Utrecht] :</subfield>
      <subfield code="b">[Hoogeschool Utrecht],</subfield>
      <subfield code="c">1852.</subfield>
    </datafield>
    <datafield tag="300" ind1=" " ind2=" ">
      <subfield code="a">216 leaves, II pages ;</subfield>
      <subfield code="c">330 x 210 mm</subfield>
    </datafield>
    <datafield tag="336" ind1=" " ind2=" ">
      <subfield code="a">text</subfield>
      <subfield code="b">txt</subfield>
      <subfield code="2">rdacontent</subfield>
    </datafield>
    <datafield tag="337" ind1=" " ind2=" ">
      <subfield code="a">unmediated</subfield>
      <subfield code="b">n</subfield>
      <subfield code="2">rdamedia</subfield>
    </datafield>
    <datafield tag="338" ind1=" " ind2=" ">
      <subfield code="a">volume</subfield>
      <subfield code="b">nc</subfield>
      <subfield code="2">rdacarrier</subfield>
    </datafield>
    <datafield tag="340" ind1=" " ind2=" ">
      <subfield code="a">Paper</subfield>
    </datafield>
    <datafield tag="500" ind1=" " ind2=" ">
      <subfield code="a">Catalogue listing 2180 anatomic objects present in the Utrecht University Museum in 1852, with a column indicating deselections in 1904 and availability in 1987.</subfield>
    </datafield>
    <datafield tag="500" ind1=" " ind2=" ">
      <subfield code="a">Index to the objects on fol. 2-7: Drooge voorwerpen, Mensch en Zoogdieren (nos. 1-913); Vogelen (nos. 914-1116 II); Amphibiën (nos. 1117-1190); Visschen (nos. 1191-1299); Voorwerpen op liquor, [Mensch en Zoogdieren] (nos. 1300-1854); Vogelen (nos. 1855-1975); Amphibiën (nos. 1976-2114); Visschen (nos. 2115-2180)</subfield>
    </datafield>
    <datafield tag="500" ind1=" " ind2=" ">
      <subfield code="a">Signed on fol. 215: "Aldus opgemaakt ... den 9den July 1852. Th. G. van Lidth de Jeude. Gewoon Hoogleeraar en Directielid van het Zoölogisch Museum der Hooge School, te Utrecht."</subfield>
    </datafield>
    <datafield tag="500" ind1=" " ind2=" ">
      <subfield code="a">Appendix consisiting of two pages inserted between fol. 215-216, entitled: "Lijst der praeparaten van drie jonge leeuwtjes, geworpen te Utrecht 21 february 1824 in de menagerie van ... Willem van Aken, vervaardigd door W. Kentink, ten geschenke aangeboden aan Z.M. den Koning ...; en door Z.M. geschonken aan het Kabinet van natuurlijke Historie der Hoogeschool te Utrecht."</subfield>
    </datafield>
    <datafield tag="500" ind1=" " ind2=" ">
      <subfield code="a">Appendix signed: "Aldus in het kabinet ... gebragt den 18den April 1825. N.C. de Fremerij, Hoogl. in de Nat. Hist., Directeur van het Kabinet."</subfield>
    </datafield>
    <datafield tag="524" ind1="8" ind2=" ">
      <subfield code="a">Cite as: U-MUS A 40.116.</subfield>
    </datafield>
    <datafield tag="700" ind1="1" ind2=" ">
      <subfield code="a">Fremery, Nicolaas Cornelis de,</subfield>
      <subfield code="d">1770-1844.</subfield>
    </datafield>
    <datafield tag="700" ind1="1" ind2=" ">
      <subfield code="a">Lidth de Jeude, Theodoor Gerard van,</subfield>
      <subfield code="d">1788-1863.</subfield>
    </datafield>
    <datafield tag="700" ind1="1" ind2=" ">
      <subfield code="a">Aken, Willem van.</subfield>
    </datafield>
    <datafield tag="700" ind1="1" ind2=" ">
      <subfield code="a">Kentink, W.</subfield>
    </datafield>
    <datafield tag="710" ind1="2" ind2=" ">
      <subfield code="a">Rijksuniversiteit te Utrecht.</subfield>
      <subfield code="b">Universiteitsmuseum.</subfield>
    </datafield>
    <datafield tag="710" ind1="2" ind2=" ">
      <subfield code="a">Universiteit Utrecht.</subfield>
      <subfield code="b">Anatomisch Instituut,</subfield>
      <subfield code="e">organizer.</subfield>
    </datafield>
    <datafield tag="710" ind1="2" ind2=" ">
      <subfield code="a">Rijksuniversiteit te Utrecht.</subfield>
      <subfield code="b">Universiteitsmuseum.</subfield>
      <subfield code="k">Manuscript</subfield>
      <subfield code="n">(U-MUS A 40.116th)</subfield>
    </datafield>
    <datafield tag="740" ind1="0" ind2=" ">
      <subfield code="a">Lijst der praeparaten van drie jonge leeuwtjes, geworpen te Utrecht 21 february 1824.</subfield>
    </datafield>
    <datafield tag="758" ind1=" " ind2=" ">
      <subfield code="i">has work:</subfield>
      <subfield code="a">Catalogus van het anatomisch Museum van Vergelijkende Ontleedkunde der Hoogeschool te Utrecht in 1852 US A 40.116 (Text)</subfield>
      <subfield code="1">https://id.oclc.org/worldcat/entity/E39PCGMrXrmdKYRDhMXfPWGF4y</subfield>
      <subfield code="4">https://id.oclc.org/worldcat/ontology/hasWork</subfield>
    </datafield>
    <datafield tag="856" ind1="4" ind2="1">
      <subfield code="u">http://objects.library.uu.nl/reader/resolver.php?obj=003142278&amp;type=2</subfield>
      <subfield code="x">Online</subfield>
    </datafield>
  </record>